[Event "Chigorin Memorial 31st"]
[Site "St Petersburg"]
[Date "2024.10.29"]
[Round "4"]
[White "Khanmamedli, Tamerlan"]
[Black "Ryumin, Zakhar"]
[Result "0-1"]
[WhiteElo "1756"]
[BlackElo "2036"]
[PlyCount "76"]
[EventDate "2024.10.26"]
[EventType "swiss"]
[EventRounds "9"]
[EventCountry "RUS"]
[SourceTitle "CB45_2024"]
[Source "ChessBase"]
[SourceDate "2024.11.06"]
[SourceVersion "1"]
[SourceVersionDate "2024.11.06"]
[SourceQuality "1"]

1. e4 c6 2. d4 d5 3. e5 Bf5 4. Bd3 Bxd3 5. Qxd3 e6 6. Ne2 Qa5+ 7. c3 Qa6 8. Qxa6 Nxa6 9. Nd2 Ne7 10. Nf3 c5 11. 0-0 Nc6 12. Be3 Be7 13. Rac1 Rc8 14. Rfd1 0-0 15. dxc5 Nxc5 16. c4 dxc4 17. Rxc4 Rfd8 18. Rxd8+ Rxd8 19. Ned4 h6 20. Kf1 Nxd4 21. Bxd4 b6 22. b4 Na6 23. a3 Rd7 24. Ke2 Nc7 25. Kd3 Kh7 26. g4 Nb5 27. a4 Na3 28. Rc1 Bxb4 29. Ke4 b5 30. axb5 Nxb5 31. h4 a5 32. Rc4 Nc7 33. Bc5 Nd5 34. Bxb4 axb4 35. Nd4 h5 36. g5 Rb7 37. Nb3 Ra7 38. Rd4 Ra3 0-1

[Event "Chigorin Memorial Blitz 31st"]
[Site "St Petersburg"]
[Date "2024.10.25"]
[Round "2"]
[White "Shubin, Kirill"]
[Black "Khanmamedli, Tamerlan"]
[Result "1-0"]
[WhiteElo "2460"]
[BlackElo "1756"]
[PlyCount "67"]
[EventDate "2024.10.25"]
[EventType "swiss (blitz)"]
[EventRounds "11"]
[EventCountry "RUS"]
[SourceTitle "CB44_2024"]
[Source "Chessbase"]
[SourceDate "2024.10.30"]
[SourceVersion "1"]
[SourceVersionDate "2024.10.30"]
[SourceQuality "1"]

1. e4 c5 2. Nf3 g6 3. g3 Bg7 4. Bg2 Nc6 5. 0-0 d6 6. c3 Nf6 7. Re1 0-0 8. d4 cxd4 9. cxd4 Bd7 10. Nc3 Rc8 11. h3 a6 12. Bg5 h6 13. Be3 Na5 14. e5 Ne8 15. Qe2 Nc4 16. Bc1 b5 17. exd6 exd6 18. Nd5 Kh7 19. b3 Nb6 20. Nxb6 Qxb6 21. Be3 Nf6 22. d5 Qb7 23. Nd4 Rfe8 24. Qf3 Rcd8 25. Nc6 Bxc6 26. dxc6 Qc7 27. a4 d5 28. axb5 axb5 29. Rec1 Ne4 30. Ra7 Qe5 31. Qxf7 Rf8 32. Qe7 Qb2 33. Rf1 d4 34. Qxg7# 1-0